| 000 | 00443pab a2200169 454500 | ||
|---|---|---|---|
| 008 | 180718b2006 xxu||||| |||| 00| 0 eng d | ||
| 100 | _aTandon, B.B. | ||
| 245 | _aManagement education in India is crying and reforms | ||
| 260 | _c2006 | ||
| 300 | _ap.3-9. | ||
| 362 | _a23 Oct | ||
| 650 | _aManagement education - India | ||
| 650 | _aManagement education | ||
| 700 | _aAngrish, Anil Kumar | ||
| 773 | _aUniversity News | ||
| 909 | _a72078 | ||
| 999 |
_c72078 _d72078 |
||